Statistics for Members of the President's Cabinent

Click here to take the quiz!

General Stats

  • This quiz has been taken 4 times
  • The average score is 10 of 26

Answer Stats

MemberDepartment% Correct
Merrick GarlandAttorney General
100%
Lloyd AustinDefense
100%
Joe BidenPresident
100%
Anthony BlinkenState
100%
Janet YellenTreasury
100%
Kamala HarrisVice President
100%
Jennifer GranholmEnergy
67%
Alejandro MayorkasHomeland Security
67%
Deb HaalandInterior
67%
Ron KlainChief of Staff
33%
Gina RaimondoCommerce
33%
Miguel CardonaEducation
33%
Matt WalshLabor
33%
Pete ButtigiegTransportation
33%
Tom VilsackAgrculture
0%
Linda GreenfieldAmbassador
0%
Cecilia RouseCouncil of Economic Advisors
0%
Michael ReganEPA
0%
Xavier BecerraHealth and Human Services
0%
Marcia FudgeHousing and Urban Development
0%
Avril HainesIntellegence
0%
Shalanda YoungManagement and Budget
0%
Arati PrabhakarScience and Tech
0%
Isabel GuzmanSmall Buisness
0%
Katherine TaiTrade Representative
0%
Denis McDonoughVeterans Affairs
0%

Score Distribution

Percentile by Number Answered

Percent of People with Each Score

Your Score History

You have not taken this quiz